000 00317nam a22001217a 4500
008 240116b |||||||| |||| 00| 0 eng d
100 _aBare Act, EBC
245 _aChild and Adolescent Labour Prohibition and Regulation Act 1986
250 _a33rd
260 _aLucknow
_bEBC
_c2023
300 _a39
942 _2ddc
_cBK
999 _c20364
_d20364